00539nam a22001457a 4500003000400000005001700004008004100021040001400062100002600076245011000102260000900212300002900221500011100250504003200361OSt20171010095518.0120816t xxu||||| |||| 00| 0 eng d aMMSUcULS aAndres, Nonalynne M.  aBeliefs and practices of mpothers in relation to their compliance to prenatal care cNonalynne M. Andres  c2000 axiv, 125 leaves c28 cm. aThesis (MA Nursing-Maternal & Child Nursing) -- Mariano Marcos Ste University-Graduate School, Laoag City  aBibliography: leaves 89-94